000 01130cam a22001814a 4500
005 20250605164143.0
008 250528s ||||||||||||||||||||||||d
035 _a19044
040 _aGR-AtMCL
_bgre
_dGR-AtMCL
_eAACR2
245 1 _aΑνωδομή - Εργοστάσια - Συντήρησις Διεύθυνσις της Εκμεταλλέυσεως - Μεταφοραί, Τιμολόγια - Οργάνωσις, Διοίκησις - Σιδηρόδρομοι Ειδικοί - Οικονομική των Μεταφορών - Τα Συγκοινωνιακά Μέσα Εν τη Καθόλου Οικονομία / Σιδηροδρομική Μέρος: ΙΙβ - ΙΙβ - IV
260 _bΑθήνα,
_c1955
300 _a96
520 _aΜελέτη και Κατασκευή και Συντήρησις των Σιδηροδρόμων, Εκμετάλευσις των Σιδηροδρόμων, Οικονομική των Μεταφορών, Τα Συγκοινωνιακά Μέσα εν τη Καθόλου Οικονομία.
700 1 _aΚορωναίος Γ
_95313
942 _cBK
999 _c4328
_d4328